La Mummia E Altri Racconti

Gardado en:
Detalles Bibliográficos
Autor Principal: Conan Doyle
Formato: Libro
Idioma:lingua descoñecida ou non válida
Publicado: Tascabili Economici Newton
Tags: Engadir etiqueta
Sen Etiquetas, Sexa o primeiro en etiquetar este rexistro!

MARC

LEADER 00000nam a2200000Ia 4500
001 R-1052
003 CODICE-MESSINA
005 20260212102501.0
008 260211s9999 xx 000 0 und d
040 |c importazione_messina 
100 |a Conan Doyle 
245 0 |a La Mummia E Altri Racconti 
260 |b Tascabili Economici Newton 
942 |2 ddc  |c BK 
952 |0 0  |1 0  |2 ddc  |4 0  |6 SCAFFALE_10_000000000000000__ROMANZI  |7 0  |9 31881  |a ME  |b ME  |d 2026-02-11  |l 0  |o SCAFFALE 10 - ROMANZI  |p R-1052  |r 2026-02-11 23:52:50  |w 2026-02-11  |x [REVISIONARE]  |y BK 
999 |c 27546  |d 27546